| 000 | 00950nam a2200313 i 4500 | ||
|---|---|---|---|
| 003 | EG-GICUC | ||
| 005 | 20260121101703.0 | ||
| 008 | 260108s1985 fr ||||fr ||| 00| 0 fre d | ||
| 040 |
_aEG-GICUC _cEG-GICUC _dEG-GICUC _erda _bfre |
||
| 041 | 0 | _afre | |
| 082 | 0 | 4 |
_221 _a341.23 _bCO . C |
| 092 | 0 | 4 | _221 |
| 099 | _aLaw1 11 341.23 CO . C 1985 | ||
| 100 | 1 |
_aJean-Pierre Cot _eAuteur |
|
| 245 | 1 | 2 |
_aLa Charte Des Nations Unies / _cJean-Pierre Cot . |
| 264 | 0 |
_aParis : _bEconomica , _c1985 . |
|
| 300 |
_a1553 Pages; _c30 cm. |
||
| 336 |
_atext _2rda content |
||
| 337 |
_aComputer _2rda media |
||
| 338 |
_aOnline Resource _2rda carrier |
||
| 546 | _aTexte en français | ||
| 650 | 0 | 4 | _aDroit international public |
| 650 | 0 | 4 | _aLes Nations Unies |
| 700 | 1 |
_aAlain Pellet _eAuteur |
|
| 700 | 1 |
_aJavier Perez De Cuellar _ePréfacier |
|
| 856 | _uhttps://fll.law.cu.edu.eg/fulltext/th/B11-05165.pdf | ||
| 905 | _a59 | ||
| 942 |
_2ddc _cBK _e21 _n0 |
||
| 999 |
_c55524 _d55524 |
||